| 000 | 00884nam a2200229Ia 4500 | ||
|---|---|---|---|
| 003 | IN-BaIIA | ||
| 008 | 211028s9999 xx 000 0 eng d | ||
| 020 | _a0-540-53436-9 | ||
| 040 | _cIIA Library | ||
| 080 |
_a523.947(082.2) _bULM |
||
| 111 |
_aInternational Conference _cHeidelberg _d1990 June 5 - 8 _917268 |
||
| 245 | 0 |
_aMechanisms of chromospheric and coronal heating _bproceedings of the International conference held in Heidelberg, 5 - 8 June, 1990 _cedited by Peter Ulmschneider, Eric R. Priest and Robert Rosner |
|
| 260 |
_aBerlin _bSpringer-Verlag _c1991 |
||
| 300 | _aIxiv, 649p. | ||
| 650 |
_aChromosphere _95508 |
||
| 650 |
_aCorona _98341 |
||
| 650 |
_aCoronal Heating _914860 |
||
| 700 |
_aPriest, Eric R., ed. _917269 |
||
| 700 |
_aRosner, Robert, ed. _917270 |
||
| 700 |
_aUlmschneider, Peter, ed. _917271 |
||
| 942 | _cBK | ||
| 999 |
_c10180 _d10180 |
||